[Event "FIDE World Blitz 2013"]
[Site "Khanty-Mansiysk RUS"]
[Date "2013.06.10"]
[Round "19.14"]
[White "Ghaem Maghami, Ehsan"]
[Black "Moiseenko, Alexander"]
[Result "0-1"]
[WhiteTitle "GM"]
[BlackTitle "GM"]
[WhiteElo "2554"]
[BlackElo "2711"]
[WhiteFideId "12500739"]
[BlackFideId "14102560"]
[EventDate "2013.06.09"]

1. e4 c5 2. Nf3 Nc6 3. Bb5 e6 4. O-O Nge7 5. b3 Ng6 6. Bb2 f6 7. Re1 Be7 8. Bxc6
bxc6 9. e5 O-O 10. exf6 gxf6 11. Nc3 e5 12. Na4 Kh8 13. c3 d5 14. d3 Rg8 15. Bc1
Bg4 16. h3 Bxf3 17. Qxf3 Nh4 18. Qh5 Nxg2 0-1

[Event "FIDE World Blitz 2013"]
[Site "Khanty-Mansiysk RUS"]
[Date "2013.06.10"]
[Round "19.15"]
[White "Zvjaginsev, Vadim"]
[Black "Rakhmanov, Aleksandr"]
[Result "1/2-1/2"]
[WhiteTitle "GM"]
[BlackTitle "GM"]
[WhiteElo "2659"]
[BlackElo "2602"]
[WhiteFideId "4113403"]
[BlackFideId "4173708"]
[EventDate "2013.06.09"]

1. c4 e6 2. Nc3 d5 3. d4 Nf6 4. Bg5 Be7 5. e3 h6 6. Bh4 b6 7. Rc1 Bb7 8. Bxf6
Bxf6 9. cxd5 exd5 10. Nf3 O-O 11. Bd3 c5 12. O-O cxd4 13. Nxd4 Nc6 14. Nxc6 Bxc6
15. Ne2 Bb7 16. Nd4 Bxd4 17. exd4 Qd7 18. Qh5 Rfe8 19. Rfe1 Rxe1+ 20. Rxe1 Re8
21. Rxe8+ Qxe8 22. Qe5 Qxe5 23. dxe5 g5 24. g3 f6 25. exf6 Kf7 1/2-1/2

[Event "FIDE World Blitz 2013"]
[Site "Khanty-Mansiysk RUS"]
[Date "2013.06.10"]
[Round "19.19"]
[White "Lagno, Kateryna"]
[Black "Khismatullin, Denis"]
[Result "0-1"]
[WhiteTitle "GM"]
[BlackTitle "GM"]
[WhiteElo "2542"]
[BlackElo "2658"]
[WhiteFideId "14109336"]
[BlackFideId "4142578"]
[EventDate "2013.06.09"]

1. Nf3 d6 2. d4 Nf6 3. g3 Nbd7 4. Bg2 e5 5. c4 Be7 6. Nc3 O-O 7. e4 c6 8. O-O a6
9. Re1 b5 10. cxb5 axb5 11. b4 Bb7 12. Qb3 Re8 13. Bb2 Bf8 14. Red1 Qb8 15. Rd2
Nb6 16. dxe5 dxe5 17. Bf1 Bc8 18. Ng5 Qb7 19. a3 h6 20. Nf3 Bg4 21. Be2 Nc4 22.
Rdd1 Nxb2 23. Qxb2 c5 24. bxc5 Bxc5 25. h3 Bxh3 26. Qxb5 Qa7 27. Rf1 Ng4 28. Nh2
Nxf2 29. Rfb1 Bd4 30. Nd5 Ng4+ 31. Kh1 Bxa1 32. Rxa1 Nf2+ 33. Kg1 Nxe4+ 34. Kh1
Rab8 35. Qd3 Nf2+ 0-1

[Event "FIDE World Blitz 2013"]
[Site "Khanty-Mansiysk RUS"]
[Date "2013.06.10"]
[Round "19.20"]
[White "Popov, Ivan RUS"]
[Black "Frolyanov, Dmitry"]
[Result "1/2-1/2"]
[WhiteTitle "GM"]
[BlackTitle "GM"]
[WhiteElo "2632"]
[BlackElo "2570"]
[WhiteFideId "4170350"]
[BlackFideId "4151976"]
[EventDate "2013.06.09"]

1. e4 e5 2. Nc3 Nf6 3. f4 d5 4. fxe5 Nxe4 5. Nf3 Nxc3 6. dxc3 c5 7. Bf4 Nc6 8.
Qd2 Be6 9. O-O-O Be7 10. h4 Qa5 11. a3 h6 12. g3 b5 13. Qe2 Rb8 14. Bd2 Qa4 15.
Kb1 b4 16. axb4 d4 17. c4 Rxb4 18. Bxb4 Nxb4 19. Qe4 Qa2+ 20. Kc1 Qa1+ 21. Kd2
Qxb2 22. Bd3 Qc3+ 23. Ke2 Bxc4 24. Bxc4 Qxc4+ 25. Kf2 Qxc2+ 26. Qxc2 Nxc2 27.
Nd2 O-O 28. Nc4 Rb8 29. Rb1 Nb4 30. Rb3 Bd8 31. Ra1 Bb6 32. Kf3 Rd8 33. Nd6 Nc6
34. Ke4 Rd7 35. Nc4 Nb4 36. Rd1 Nd5 37. Ra1 Nc3+ 38. Kd3 Nd5 39. Ke4 Nb4 40. Rd1
Rd8 41. g4 Kh7 42. h5 Re8 43. Nd6 Re7 44. Nf5 Re6 45. Nd6 f6 46. Nc4 fxe5 47.
Nxe5 Rf6 48. Nc4 Bc7 49. Rxb4 cxb4 50. Kxd4 Rf4+ 51. Kd5 Rxg4 52. Ra1 Rg5+ 53.
Kc6 Bb6 54. Ra4 Rxh5 55. Rxb4 Rh4 56. Kd5 Rg4 57. Rb1 h5 58. Ne5 Rg5 59. Ke6 h4
60. Rh1 Rh5 61. Nf3 h3 62. Rxh3 Rxh3 63. Ng5+ Kg6 64. Nxh3 Be3 65. Ke5 Kh5 66.
Ke4 Kg4 1/2-1/2

[Event "FIDE World Blitz 2013"]
[Site "Khanty-Mansiysk RUS"]
[Date "2013.06.10"]
[Round "19.22"]
[White "Kobalia, Mikhail"]
[Black "Pridorozhni, Aleksei"]
[Result "1/2-1/2"]
[WhiteTitle "GM"]
[BlackTitle "GM"]
[WhiteElo "2651"]
[BlackElo "2512"]
[WhiteFideId "4119150"]
[BlackFideId "4127870"]
[EventDate "2013.06.09"]

1. e4 c5 2. Nf3 Nc6 3. Bb5 g6 4. Bxc6 dxc6 5. d3 Bg7 6. Nc3 Bg4 7. h3 Bxf3 8.
Qxf3 Nf6 9. Be3 Nd7 10. Qe2 e5 11. f4 exf4 12. Bxf4 Nf8 13. e5 Ne6 14. Bg3 Nd4
15. Qf2 O-O 16. O-O f6 17. exf6 Rxf6 18. Qd2 Rxf1+ 19. Rxf1 Nf5 20. Bf4 Qd4+ 21.
Kh2 Re8 22. Ne4 c4 23. g4 cxd3 24. cxd3 Ne7 25. Be3 Qe5+ 26. Bf4 Qd4 27. Be3
Qe5+ 28. Bf4 Qd4 29. Be3 Qe5+ 30. Bf4 Qe6 31. Nd6 Rf8 32. Re1 Qd7 33. Bg3 Nd5
34. Qe2 b6 35. b3 Nf4 36. Qe7 Qxe7 37. Rxe7 Nxd3 38. Rxa7 Bd4 39. Rc7 c5 40. a4
Nc1 41. Nc4 Nxb3 42. Nxb6 Nd2 43. Kg2 Re8 44. Rc8 Rxc8 45. Nxc8 c4 46. Bf4 c3
47. Ne7+ Kf7 48. Nc6 Bg7 49. a5 Nc4 50. a6 c2 51. a7 Nb6 52. Nb4 Bf8 53. Nxc2
Bc5 54. Be3 Bxe3 55. Nxe3 Ke6 56. Kf3 Kd7 57. Kf4 Kc7 58. Kg5 Kb7 59. Kh6 Nd7
60. Kxh7 Ne5 61. Kg7 Kxa7 62. Kf6 Nf3 63. Kxg6 Kb6 64. Kf5 Kc7 65. g5 Kd7 66.
Kg4 Ne5+ 67. Kf5 Nf3 68. Ng4 Ke7 69. Ne5 Nd4+ 70. Kg6 Ke6 71. Nd3 Nf3 72. Nf4+
Ke5 73. Ng2 Ke6 74. h4 Ne5+ 75. Kg7 Kf5 76. Ne3+ Kf4 77. g6 Kxe3 78. h5 Kf4 79.
h6 Kg5 80. h7 Nxg6 81. h8=B Nxh8 1/2-1/2

[Event "FIDE World Blitz 2013"]
[Site "Khanty-Mansiysk RUS"]
[Date "2013.06.10"]
[Round "19.23"]
[White "Ram, S. Krishnan"]
[Black "Vasquez Schroeder, Rodrigo"]
[Result "0-1"]
[BlackTitle "GM"]
[WhiteElo "2248"]
[BlackElo "2542"]
[WhiteFideId "5010519"]
[BlackFideId "3400042"]
[EventDate "2013.06.09"]

1. d4 Nf6 2. Nf3 e6 3. c4 Bb4+ 4. Bd2 Qe7 5. g3 Nc6 6. Bg2 Bxd2+ 7. Nbxd2 d6 8.
O-O a5 9. e4 e5 10. d5 Nb8 11. Ne1 O-O 12. Nd3 Na6 13. h3 c6 14. a3 cxd5 15.
cxd5 Bd7 16. Qb3 b5 17. Rac1 Rfc8 18. Nb1 Qd8 19. Rc3 Rxc3 20. Nxc3 Rb8 21. Rc1
b4 22. axb4 Nxb4 23. Nxb4 Rxb4 24. Qa3 Qb6 25. Rc2 h5 26. Kh2 h4 27. g4 g6 28.
Qa1 a4 29. Qc1 Kg7 30. Bf3 Nh7 31. Kg2 Qd8 32. Na2 Rb3 33. Rc3 Rb6 34. Ra3 Ng5
35. Nc3 Qf6 36. Bd1 Rb4 37. Qc2 Qf4 38. Qe2 Rd4 39. Qe3 Qxe3 40. fxe3 Rd2+ 41.
Kf1 Rxb2 42. Bxa4 Bxa4 43. Rxa4 Nxh3 44. Ra6 Ng5 45. Rxd6 h3 46. Kg1 Nf3+ 0-1

[Event "FIDE World Blitz 2013"]
[Site "Khanty-Mansiysk RUS"]
[Date "2013.06.10"]
[Round "19.24"]
[White "Salem, A.R. Saleh"]
[Black "Bezgodov, Alexei"]
[Result "1-0"]
[WhiteTitle "GM"]
[BlackTitle "GM"]
[WhiteElo "2531"]
[BlackElo "2482"]
[WhiteFideId "9301348"]
[BlackFideId "4105257"]
[EventDate "2013.06.09"]

1. d4 d5 2. c4 dxc4 3. Nf3 a6 4. a4 Nc6 5. Nc3 e5 6. d5 Nb4 7. e4 Nf6 8. Bxc4
Bd6 9. h3 O-O 10. O-O h6 11. Be3 Qe7 12. Re1 Bd7 13. Qb3 Kh7 14. Nd2 Nh5 15. Be2
Nf4 16. Bxf4 exf4 17. Nc4 Bc5 18. e5 Bf5 19. Qd1 Qh4 20. Rf1 Rad8 21. Bf3 Rfe8
22. Qe2 g6 23. Rad1 Nc2 24. Ne4 Nd4 25. Qd3 Bxe4 26. Qxe4 f5 27. Qd3 b5 28. axb5
axb5 29. Na5 Rxe5 30. Nb7 Bb6 31. Nxd8 Qxd8 32. Rfe1 Qe7 33. Rxe5 Qxe5 34. Kf1
h5 35. Re1 Qd6 36. Qc3 Kh6 37. Re8 h4 38. Rh8+ Kg5 39. Re8 Kh6 40. Re1 Kg5 41.
Rd1 Qe5 42. Re1 Qd6 43. Qd3 Qc5 44. Rd1 Nxf3 45. Qxf3 Qc2 46. Qe2 Qc5 47. b3 b4
48. Qf3 Qc3 49. Qxc3 bxc3 50. Ke2 Bc5 51. Rc1 Bb4 52. Kd3 f3 53. g3 1-0

[Event "FIDE World Blitz 2013"]
[Site "Khanty-Mansiysk RUS"]
[Date "2013.06.10"]
[Round "19.26"]
[White "Cherniaev, Alexander"]
[Black "Gordievsky, Dmitry"]
[Result "0-1"]
[WhiteTitle "GM"]
[BlackTitle "FM"]
[WhiteElo "2447"]
[BlackElo "2474"]
[WhiteFideId "4117301"]
[BlackFideId "24112798"]
[EventDate "2013.06.09"]

1. e4 e6 2. f4 d5 3. e5 c5 4. Nf3 Nc6 5. c3 d4 6. Na3 a6 7. Bd3 Nge7 8. O-O Nd5
9. Ng5 h6 10. Ne4 b5 11. c4 Nb6 12. cxb5 Nb4 13. Be2 Bb7 14. Bf3 N4d5 15. d3 Be7
16. Nc4 O-O 17. Ncd6 Qc7 18. Nxb7 Qxb7 19. bxa6 Qxa6 20. Nf2 Rac8 21. Be4 c4 22.
f5 exf5 23. Bxf5 c3 24. b3 Rcd8 25. Ng4 Bg5 26. Qf3 Ne3 27. Nxe3 dxe3 28. Bxe3
Bxe3+ 29. Qxe3 Nd5 30. Qh3 Qb6+ 31. Kh1 Qd4 32. e6 fxe6 33. Bxe6+ Kh8 34. Bxd5
Qxd5 35. Rfc1 Qd4 36. Rc2 Rf2 37. Rxf2 Qxf2 38. Qf3 Qb2 39. Rf1 c2 40. Qc6 Qb1
41. Rg1 Rf8 42. h3 Rf1 43. Qxc2 Rxg1+ 0-1

[Event "FIDE World Blitz 2013"]
[Site "Khanty-Mansiysk RUS"]
[Date "2013.06.10"]
[Round "19.28"]
[White "Skatchkov, Pavel"]
[Black "Akbaev, Kazbek"]
[Result "1/2-1/2"]
[WhiteTitle "GM"]
[BlackTitle "IM"]
[WhiteElo "2486"]
[BlackElo "2475"]
[WhiteFideId "4121848"]
[BlackFideId "4131045"]
[EventDate "2013.06.09"]

1. d4 Nf6 2. Nf3 c5 3. d5 d6 4. g3 Nbd7 5. Bg2 g6 6. O-O Bg7 7. Nc3 O-O 8. e4
Rb8 9. a4 a6 10. a5 b5 11. axb6 Qxb6 12. Re1 Ne8 13. Nd2 Bb7 14. Nc4 Qc7 15. f4
Nb6 16. Bf1 f5 17. e5 Nxc4 18. Bxc4 Kh8 19. Qe2 Bc8 20. b3 Qd8 21. Bd2 Nc7 22.
Rad1 Bd7 23. Na4 Nb5 24. Be3 Qc7 25. Bf2 Nd4 26. Bxd4 cxd4 27. Rxd4 Bxa4 28.
bxa4 dxe5 29. fxe5 Qc5 30. Qf2 Rb4 31. d6 exd6 32. Rxd6 Qxf2+ 33. Kxf2 Rxc4 34.
Re2 Re8 35. Rxa6 Bxe5 36. Kg2 g5 37. Ra5 Re4 38. Rxe4 fxe4 39. Kf2 e3+ 40. Ke2
Bc3 41. Rxg5 Bd2 42. Rf5 Rc8 43. a5 Rxc2 44. a6 Ra2 45. Rf8+ Kg7 46. Ra8 Bc1+
47. Kd3 Rd2+ 48. Kc3 e2 49. Re8 Ra2 50. Kd3 Rxa6 51. Rxe2 Bg5 52. Ke4 Re6+ 53.
Kf3 Ra6 54. Kg2 Bf6 55. Rc2 Kg6 56. Re2 h5 57. Rc2 Kf5 58. Rf2+ Kg6 59. Rc2 Rd6
60. Re2 Bg5 61. Rc2 Bd2 62. Ra2 Bg5 63. Rc2 Rd2+ 64. Rxd2 Bxd2 65. Kf3 Kf5 66.
h3 Kg5 67. Ke4 Be1 68. Kf3 Ba5 69. Kg2 Bc7 70. Kf3 Kf6 71. Ke4 Bxg3 1/2-1/2

[Event "FIDE World Blitz 2013"]
[Site "Khanty-Mansiysk RUS"]
[Date "2013.06.10"]
[Round "19.29"]
[White "Kabanov, Nikolai"]
[Black "Al-Sayed, Mohammed"]
[Result "0-1"]
[WhiteTitle "GM"]
[BlackTitle "GM"]
[WhiteElo "2472"]
[BlackElo "2498"]
[WhiteFideId "4127820"]
[BlackFideId "12100196"]
[EventDate "2013.06.09"]

1. e4 c5 2. Nf3 d6 3. c3 Nf6 4. Be2 Nc6 5. d4 cxd4 6. cxd4 d5 7. e5 Ne4 8. O-O
e6 9. Ne1 Qb6 10. Nc2 h6 11. f3 Ng5 12. Kh1 Be7 13. Nc3 Bd7 14. Rb1 O-O 15. b4
Rac8 16. Na4 Qd8 17. Nc5 b6 18. Nxd7 Qxd7 19. Bb5 Qc7 20. Ba6 Rce8 21. a3 f6 22.
Bxg5 hxg5 23. Rc1 fxe5 24. dxe5 Qxe5 25. Bb5 Bd6 26. g3 Rc8 27. Re1 Qf6 28. Ne3
Nd4 29. Rxc8 Rxc8 30. Ng4 Qxf3+ 31. Qxf3 Nxf3 32. Rxe6 Nd4 33. Rxd6 Nxb5 34.
Rxd5 Nxa3 35. Rxg5 Nc4 36. b5 Rc5 37. Nf6+ Kf7 38. Rxc5 bxc5 39. Ne4 Na3 40.
Nxc5 Nxb5 41. Kg2 Ke7 42. Kf3 Kd6 43. Na6 Nc7 44. Nxc7 Kxc7 45. Ke4 Kd6 46. h4
a5 47. h5 Ke6 48. g4 a4 0-1

[Event "FIDE World Blitz 2013"]
[Site "Khanty-Mansiysk RUS"]
[Date "2013.06.10"]
[Round "19.30"]
[White "Sibriaev, Aleksandr"]
[Black "Potapov, Pavel"]
[Result "0-1"]
[WhiteTitle "FM"]
[BlackTitle "IM"]
[WhiteElo "2239"]
[BlackElo "2460"]
[WhiteFideId "4116070"]
[BlackFideId "4169786"]
[EventDate "2013.06.09"]

1. Nc3 g6 2. e4 Bg7 3. Bc4 d6 4. d3 Nd7 5. Nf3 Ngf6 6. Bg5 h6 7. Bf4 c6 8. a4 e5
9. Bd2 O-O 10. O-O Kh7 11. Re1 Nc5 12. d4 exd4 13. Nxd4 Qc7 14. Bf4 Rd8 15. h3
Ne6 16. Nxe6 fxe6 17. Qe2 e5 18. Be3 Qe7 19. a5 Be6 20. Red1 d5 21. exd5 cxd5
22. Bb3 d4 23. Bxe6 dxe3 24. Bb3 exf2+ 25. Qxf2 e4 26. Re1 Rd6 27. Rad1 Rad8 28.
Rxd6 Qxd6 29. Kh1 Re8 30. Qxa7 Nh5 31. Ne2 Qd2 32. Qg1 Rf8 33. Nc3 e3 34. Ne4
Qd4 35. Qxe3 Rf1+ 36. Kh2 Be5+ 37. g3 0-1

[Event "FIDE World Blitz 2013"]
[Site "Khanty-Mansiysk RUS"]
[Date "2013.06.10"]
[Round "20.5"]
[White "Cheparinov, Ivan"]
[Black "Mamedov, Rauf"]
[Result "0-1"]
[WhiteTitle "GM"]
[BlackTitle "GM"]
[WhiteElo "2678"]
[BlackElo "2637"]
[WhiteFideId "2905540"]
[BlackFideId "13401653"]
[EventDate "2013.06.09"]

1. d4 d6 2. Nf3 g6 3. c4 Bg7 4. Nc3 Nf6 5. e4 O-O 6. Be2 c5 7. d5 e5 8. O-O Nh5
9. g3 Nf6 10. Nh4 a6 11. a3 Re8 12. Rb1 Nbd7 13. Bg5 h6 14. Be3 Nf8 15. b4 b6
16. f3 Nh5 17. Qd2 Nf4 18. Bd1 Nh7 19. Ba4 Rf8 20. Bc6 Ra7 21. bxc5 bxc5 22. Na4
Bh3 23. Rfc1 f5 24. exf5 gxf5 25. Bf2 Bf6 26. gxf4 Bxh4 27. Kh1 Bxf2 28. Qxf2
exf4 29. Rg1+ Ng5 30. Qh4 Rg7 31. Rxg5 hxg5 32. Qxh3 g4 33. Qh6 Rf6 34. Qh5 g3
35. Re1 Rf8 36. Qh6 Qa5 37. Qe6+ Kh7 38. Rg1 Qd2 39. Rg2 Qd1+ 40. Rg1 g2# 0-1

[Event "FIDE World Blitz 2013"]
[Site "Khanty-Mansiysk RUS"]
[Date "2013.06.10"]
[Round "20.7"]
[White "Inarkiev, Ernesto"]
[Black "Guseinov, Gadir"]
[Result "0-1"]
[WhiteTitle "GM"]
[BlackTitle "GM"]
[WhiteElo "2680"]
[BlackElo "2631"]
[WhiteFideId "4162722"]
[BlackFideId "13401378"]
[EventDate "2013.06.09"]

1. Nf3 g6 2. d4 Bg7 3. e4 d6 4. c3 Nf6 5. Bd3 O-O 6. O-O Nbd7 7. Re1 e5 8. Nbd2
b6 9. Nf1 Bb7 10. Ng3 Qe7 11. h3 h6 12. Be3 Kh8 13. Qd2 Ng8 14. d5 Ndf6 15. c4
Nh7 16. b4 Bc8 17. Qc2 h5 18. Nd2 h4 19. Ngf1 f5 20. f3 Bh6 21. c5 Bxe3+ 22.
Nxe3 Nh6 23. Rac1 Ng5 24. Bf1 Qf6 25. Qd3 bxc5 26. bxc5 a5 27. cxd6 cxd6 28. Rc6
fxe4 29. Nxe4 Nxe4 30. Qxe4 Bf5 31. Qa4 Nf7 32. Rec1 Qg5 33. Ng4 Bd7 34. Qc4
Rab8 35. Rc7 Rb4 36. Qc3 Bxg4 37. fxg4 Rf4 38. Rd7 Kg8 39. Rb1 e4 40. Rbb7 Rf6
41. Re7 Qf4 42. Qe1 e3 43. Rxe3 Ne5 44. Bb5 Qd4 45. Kh2 Rf2 46. Re4 Qb2 47. Re2
Nf3+ 48. Kh1 Nxe1 49. Rxb2 Rxb2 50. a4 Nxg2 51. Rd7 Ne3 52. Rxd6 Rff2 53. Rxg6+
Kh7 54. Bd3 Rfd2 55. Rb6+ Kg7 56. Rxb2 Rxb2 57. Bb5 Rd2 58. Bc6 Nxd5 0-1

[Event "FIDE World Blitz 2013"]
[Site "Khanty-Mansiysk RUS"]
[Date "2013.06.10"]
[Round "20.10"]
[White "Tkachiev, Vladislav"]
[Black "Akopian, Vladimir"]
[Result "1/2-1/2"]
[WhiteTitle "GM"]
[BlackTitle "GM"]
[WhiteElo "2649"]
[BlackElo "2691"]
[WhiteFideId "618438"]
[BlackFideId "13300032"]
[EventDate "2013.06.09"]

1. e4 c6 2. d4 d5 3. Nc3 dxe4 4. Nxe4 Nf6 5. Nxf6+ exf6 6. c3 Bd6 7. Bd3 O-O 8.
Qc2 h6 9. Ne2 Re8 10. O-O Nd7 11. Ng3 Nf8 12. Bd2 Qc7 13. Rfe1 Bd7 1/2-1/2

[Event "FIDE World Blitz 2013"]
[Site "Khanty-Mansiysk RUS"]
[Date "2013.06.10"]
[Round "20.13"]
[White "Vitiugov, Nikita"]
[Black "Safarli, Eltaj"]
[Result "0-1"]
[WhiteTitle "GM"]
[BlackTitle "GM"]
[WhiteElo "2734"]
[BlackElo "2660"]
[WhiteFideId "4152956"]
[BlackFideId "13402129"]
[EventDate "2013.06.09"]

1. d4 Nf6 2. Nf3 g6 3. Bg5 Bg7 4. Nbd2 d6 5. e4 O-O 6. c3 c5 7. dxc5 dxc5 8. Bc4
Nc6 9. O-O h6 10. Bh4 Nh5 11. Re1 Bg4 12. Qc2 Qc7 13. Bg3 Nxg3 14. hxg3 h5 15.
Nh4 Ne5 16. Bf1 Rad8 17. Nc4 Bh6 18. f4 Nxc4 19. Bxc4 e6 20. Be2 Bxe2 21. Qxe2
Rd7 22. e5 Rfd8 23. Nf3 Qc6 24. Qe4 Qb5 25. Re2 Rd1+ 26. Rxd1 Rxd1+ 27. Kh2 Qd7
28. a3 Bf8 29. Re1 Rxe1 30. Qxe1 Qb5 31. Qd2 c4 32. Ng5 Be7 33. Ne4 Kg7 34. Nd6
Qc6 35. Qd4 b5 36. a4 a6 37. a5 Kf8 38. Qb6 Qxb6 39. axb6 Bd8 40. b7 Bc7 41. Ne4
Ke7 42. Nc5 a5 43. Na6 Kd7 44. g4 hxg4 45. Kg3 Kc6 46. b8=Q Bxb8 47. Nxb8+ Kc7
48. Na6+ Kb6 49. Nb8 Kc7 50. Na6+ Kb6 51. Nb8 b4 52. Nd7+ Kb5 53. cxb4 axb4 54.
Nf6 c3 55. bxc3 bxc3 56. Ne4 c2 57. Nd6+ Kb4 58. Kxg4 c1=Q 59. Kg5 Qc6 60. g4
Qd7 61. Kf6 Kc5 62. Nxf7 Qa4 63. Kg5 Qe4 64. Nd6 Qd3 65. Ne8 Kd4 66. Ng7 Kd5 67.
Ne8 Ke4 68. Ng7 Qd8+ 69. Kxg6 Qg8 70. f5 exf5 71. gxf5 Kxe5 72. f6 Qd8 73. Nh5
Ke6 74. Ng7+ Ke5 75. Nh5 Qd3+ 76. Kg7 Qd7+ 77. f7 Ke6 78. Nf4+ Kf5 79. Ng6 Qd4+
80. Kg8 Kxg6 0-1

[Event "FIDE World Blitz 2013"]
[Site "Khanty-Mansiysk RUS"]
[Date "2013.06.10"]
[Round "20.14"]
[White "Moiseenko, Alexander"]
[Black "Ghaem Maghami, Ehsan"]
[Result "1/2-1/2"]
[WhiteTitle "GM"]
[BlackTitle "GM"]
[WhiteElo "2711"]
[BlackElo "2554"]
[WhiteFideId "14102560"]
[BlackFideId "12500739"]
[EventDate "2013.06.09"]

1. d4 Nf6 2. c4 e6 3. Nc3 Bb4 4. Bg5 c5 5. d5 h6 6. Bh4 b5 7. dxe6 fxe6 8. cxb5
O-O 9. e3 d5 10. a3 Bxc3+ 11. bxc3 a6 12. a4 Qa5 13. Bxf6 Rxf6 14. Rc1 Bd7 15.
Nf3 axb5 16. Bxb5 Bxb5 17. axb5 Qxb5 18. c4 Qb4+ 19. Qd2 Nc6 20. O-O Qxd2 21.
Nxd2 d4 22. Ne4 Rf5 23. Nd6 Rff8 24. Ne4 Rf5 25. Nd6 Rff8 26. Ne4 Ra5 27. Rfd1
Rb8 28. h3 Rb4 29. Kh2 Kh7 30. exd4 cxd4 31. c5 Kg6 32. Rd2 e5 33. f3 Kf5 34.
Kg3 Ra3 35. h4 Ke6 36. Kg4 g6 37. Rcc2 Rb1 38. h5 g5 39. Ra2 Rbb3 1/2-1/2

[Event "FIDE World Blitz 2013"]
[Site "Khanty-Mansiysk RUS"]
[Date "2013.06.10"]
[Round "20.15"]
[White "Rakhmanov, Aleksandr"]
[Black "Zvjaginsev, Vadim"]
[Result "1/2-1/2"]
[WhiteTitle "GM"]
[BlackTitle "GM"]
[WhiteElo "2602"]
[BlackElo "2659"]
[WhiteFideId "4173708"]
[BlackFideId "4113403"]
[EventDate "2013.06.09"]

1. c4 c5 2. g3 g6 3. Bg2 Bg7 4. Nf3 Nc6 5. O-O Nf6 6. d4 cxd4 7. Nxd4 O-O 8. Nc3
Qa5 9. Nc2 d6 10. Ne3 Be6 11. Ncd5 Bxd5 12. cxd5 Ne5 13. Bd2 Qa6 14. Bc3 Rac8
15. Qd2 Bh6 16. f4 Neg4 17. Nxg4 Nxg4 18. Bh3 Rxc3 19. bxc3 Qb6+ 20. Qd4 Qxd4+
21. cxd4 Ne3 22. Rfc1 Bg7 23. Rab1 Bxd4 24. Rxb7 Nxd5+ 25. Kh1 e6 26. Bg2 Ne3
27. Bf3 Bb6 28. a4 d5 29. Rc6 Nc4 30. Rd7 Rb8 31. h4 h5 32. Kh2 a5 33. e4 Nd2
34. Kg2 Nxe4 35. Bxe4 dxe4 36. Rc4 e3 37. Kf3 Kg7 38. Rd3 Re8 39. Rb3 Ba7 40.
Rb7 Bb8 41. Kxe3 Bd6 42. Kf3 Bb4 43. Rcc7 Rf8 44. Rd7 Kf6 45. Ke4 Kg7 46. Kd3
Kf6 47. Ke4 Kg7 48. Kd3 Kf6 49. Ke4 1/2-1/2

[Event "FIDE World Blitz 2013"]
[Site "Khanty-Mansiysk RUS"]
[Date "2013.06.10"]
[Round "20.19"]
[White "Khismatullin, Denis"]
[Black "Lagno, Kateryna"]
[Result "1/2-1/2"]
[WhiteTitle "GM"]
[BlackTitle "GM"]
[WhiteElo "2658"]
[BlackElo "2542"]
[WhiteFideId "4142578"]
[BlackFideId "14109336"]
[EventDate "2013.06.09"]

1. Nf3 Nf6 2. c4 c5 3. b3 g6 4. Bb2 Bg7 5. g3 d6 6. Bg2 e5 7. O-O O-O 8. Nc3 Nc6
9. e3 Re8 10. h3 Bf5 11. d4 exd4 12. exd4 cxd4 13. Nxd4 Nxd4 14. Qxd4 Ne4 15.
Qxg7+ Kxg7 16. Nxe4+ Kf8 17. Nf6 Re2 18. Nxh7+ Kg8 19. Nf6+ Kg7 20. Bd4 Rd2 21.
Bc3 Rc2 22. Nd5+ Rxc3 23. Nxc3 Qa5 24. Nd5 Re8 25. Ne3 Be4 26. Rfd1 Bxg2 27.
Kxg2 Re6 28. Rd3 a6 29. a4 Qe5 30. Rad1 Qe4+ 31. Kg1 Qe5 32. Rd4 Qc5 33. h4 Qb4
34. R4d3 b5 35. cxb5 axb5 36. Ra1 bxa4 37. bxa4 Re5 38. Rda3 Ra5 39. Rd3 Rxa4
40. Rad1 Ra6 41. h5 gxh5 42. Nf5+ Kg6 43. Nxd6 Qb2 44. Nc4 Qb4 45. Ne5+ Kf6 46.
Nf3 Kg7 47. Nh4 Qc5 48. Rd5 Qc2 49. Rf1 Qe4 50. Rxh5 Ra2 51. Rf5 Qa4 52. Rf4 Qa5
53. Nf5+ Kg6 54. Ne3 Ra1 55. Rxa1 Qxa1+ 56. Kg2 Qa8+ 57. Kh2 Qh8+ 58. Rh4 Qa8
59. Ng2 Qa2 60. Nf4+ Kg7 61. Kg2 Qa8+ 62. Kg1 Qa1+ 63. Kh2 Qa2 64. Nh3 Qb2 65.
Rf4 Qb5 66. Rg4+ Kf6 67. Rf4+ Kg7 68. Ng1 Qh5+ 69. Kg2 Qd5+ 70. Nf3 Qb7 71. g4
f6 72. Rf5 Kg6 73. Kg3 Qc7+ 74. Kg2 Qb7 75. Kg3 Qc7+ 76. Kg2 Qb7 77. Kg3 1/2-1/2

[Event "FIDE World Blitz 2013"]
[Site "Khanty-Mansiysk RUS"]
[Date "2013.06.10"]
[Round "20.20"]
[White "Frolyanov, Dmitry"]
[Black "Popov, Ivan RUS"]
[Result "1-0"]
[WhiteTitle "GM"]
[BlackTitle "GM"]
[WhiteElo "2570"]
[BlackElo "2632"]
[WhiteFideId "4151976"]
[BlackFideId "4170350"]
[EventDate "2013.06.09"]

1. e4 e5 2. Nf3 Nc6 3. Bb5 a6 4. Ba4 Nf6 5. O-O Nxe4 6. d4 b5 7. Bb3 d5 8. dxe5
Be6 9. Nbd2 Be7 10. c3 O-O 11. Bc2 f5 12. Nb3 Qd7 13. Nfd4 Nxd4 14. Nxd4 c5 15.
Nxe6 Qxe6 16. f3 Ng5 17. a4 Rad8 18. Qe2 c4 19. Kh1 g6 20. axb5 axb5 21. Ra7 Rd7
22. Rxd7 Qxd7 23. Bxg5 Bxg5 24. f4 Be7 25. Qd2 Rd8 26. b3 Bc5 27. Rd1 d4 28.
bxc4 bxc4 29. cxd4 Bxd4 30. Qb4 Qd5 31. Ba4 Kf7 32. Bb5 Rc8 33. e6+ Qxe6 34.
Rxd4 c3 35. Bc4 c2 36. Bxe6+ Kf6 37. Qe1 c1=Q 38. Rd1 1-0

[Event "FIDE World Blitz 2013"]
[Site "Khanty-Mansiysk RUS"]
[Date "2013.06.10"]
[Round "20.23"]
[White "Vasquez Schroeder, Rodrigo"]
[Black "Ram, S. Krishnan"]
[Result "1-0"]
[WhiteTitle "GM"]
[WhiteElo "2542"]
[BlackElo "2248"]
[WhiteFideId "3400042"]
[BlackFideId "5010519"]
[EventDate "2013.06.09"]

1. e4 e6 2. d4 d5 3. Nc3 Nf6 4. e5 Nfd7 5. Nce2 c5 6. f4 Nc6 7. c3 f6 8. Nf3 Qb6
9. a3 a5 10. b3 cxd4 11. cxd4 fxe5 12. fxe5 Be7 13. Nf4 O-O 14. h4 Nd8 15. Bd3
h6 16. Qc2 Rxf4 17. Bxf4 Nc6 18. Qb2 Nf8 19. O-O Bd7 20. Be3 Be8 21. Rf2 Bg6 22.
Qb1 Bxd3 23. Qxd3 Rc8 24. Bc1 Nd8 25. Bb2 a4 26. b4 Rc4 27. Raf1 Nd7 28. Bc1 Nf8
29. Be3 Qc7 30. Bd2 b5 31. g3 Qd7 32. Kg2 Qe8 33. Be3 Qh5 34. Nd2 Ng6 35. Nxc4
bxc4 36. Qe2 Qxe2 37. Rxe2 Nf8 38. h5 Nd7 39. b5 Bg5 40. Bxg5 hxg5 41. b6 Nxb6
42. Rb2 Nd7 43. Rb4 Nc6 44. Rb7 1-0

[Event "FIDE World Blitz 2013"]
[Site "Khanty-Mansiysk RUS"]
[Date "2013.06.10"]
[Round "20.24"]
[White "Bezgodov, Alexei"]
[Black "Salem, A.R. Saleh"]
[Result "0-1"]
[WhiteTitle "GM"]
[BlackTitle "GM"]
[WhiteElo "2482"]
[BlackElo "2531"]
[WhiteFideId "4105257"]
[BlackFideId "9301348"]
[EventDate "2013.06.09"]

1. e4 c5 2. a3 g6 3. b4 Bg7 4. Nc3 d6 5. g3 b6 6. Bg2 Bb7 7. Nge2 Nc6 8. Rb1 Qd7
9. O-O e6 10. d3 Nge7 11. Be3 Rc8 12. Qd2 O-O 13. Bh6 Nd4 14. Bxg7 Kxg7 15. Nxd4
cxd4 16. Ne2 e5 17. c3 dxc3 18. Nxc3 Rc7 19. d4 Rfc8 20. Rb3 Qe6 21. Rfb1 exd4
22. Qxd4+ Qe5 23. Nb5 Rc1+ 24. Bf1 Bxe4 25. Rxc1 Rxc1 26. f3 Bd5 27. Re3 Qxd4
28. Nxd4 Bc4 29. Rxe7 Rxf1+ 30. Kg2 Rd1 31. Nc6 Bd5 0-1